Falta de conformidad e incumplimiento en la compraventa (Record no. 187058)

MARC details
000 -LEADER
campo de control de longitud fija 01026nam a2200241 i 4500
001 - NÚMERO DE CONTROL
campo de control 187058
003 - IDENTIFICADOR DE NÚMERO DE CONTROL
campo de control SpMaBN
005 - FECHA Y HORA DE LA ÚLTIMA TRANSACCIÓN
campo de control 20230906222816.0
008 - DATOS DE LONGITUD FIJA--INFORMACIÓN GENERAL
campo de control de longitud fija 170407s1996 sp |||| | spa d
020 ## - NÚMERO INTERNACIONAL ESTÁNDAR DEL LIBRO
Número Internacional Estándar del Libro 84-88973-37-3
080 ## - NÚMERO DE LA CLASIFICACIÓN DECIMAL UNIVERSAL
Número de la Clasificación Decimal Universal 347.451(460)
080 ## - NÚMERO DE LA CLASIFICACIÓN DECIMAL UNIVERSAL
Número de la Clasificación Decimal Universal 347.447.7
100 1# - ENTRADA PRINCIPAL--NOMBRE DE PERSONA
Nombre de persona Fenoy Picón, Nieves.
9 (RLIN) 162313
245 10 - MENCIÓN DEL TÍTULO
Título Falta de conformidad e incumplimiento en la compraventa
Resto del título : (evolución en el ordenamiento español) /
Mención de responsabilidad, etc. Nieves Fenoy Picón ; prólogo de Antonio-Manuel Morales Moreno.
260 ## - PUBLICACIÓN, DISTRIBUCIÓN, ETC.
Lugar de publicación, distribución, etc. [Madrid] :
Nombre del editor, distribuidor, etc. Colegio de Registradores de la Propiedad y Mercantiles de España, Centro de Estudios Registrales,
Fecha de publicación, distribución, etc. [1996]
300 ## - DESCRIPCIÓN FÍSICA
Extensión XXIII, 611 p. ;
Dimensiones 23 cm.
504 ## - NOTA DE BIBLIOGRAFÍA, ETC.
Nota de bibliografía, etc. Bibliografía: p. 577-607.
650 #7 - PUNTO DE ACCESO ADICIONAL DE MATERIA--TÉRMINO DE MATERIA
Término de materia o nombre geográfico como elemento de entrada Compraventa-
Subdivisión geográfica España.
9 (RLIN) 11182
650 #4 - PUNTO DE ACCESO ADICIONAL DE MATERIA--TÉRMINO DE MATERIA
Término de materia o nombre geográfico como elemento de entrada Incumplimiento de contrato.
9 (RLIN) 156416
700 1# - ENTRADA AGREGADA--NOMBRE PERSONAL
Nombre de persona Morales Moreno, Antonio-Manuel.
9 (RLIN) 83056
710 2# - ENTRADA AGREGADA--NOMBRE DE ENTIDAD CORPORATIVA
Nombre de entidad corporativa o nombre de jurisdicción como elemento de entrada Colegio de Registradores de la Propiedad y Mercantiles de España.
Unidad subordinada Centro de Estudios Registrales.
9 (RLIN) 162314
852 ## - LOCALIZACIÓN
Ubicación ES-MaACL
Número de control de estantería L-31380
Holdings
Estatus retirado Estado de pérdida Estado de daño No para préstamo Biblioteca de origen Biblioteca actual Ubicación en estantería Fecha de adquisición Fuente de adquisición Total de préstamos Signatura topográfica completa Código de barras Visto por última vez Precio de reemplazo Tipo de ítem Koha
        Biblioteca del Ateneo de Madrid Biblioteca del Ateneo de Madrid Depósito 2 07/04/2017     L-31380 1197345 23/02/2023 23/02/2023 Libro impreso